000 01169pam a2200301 a 4500
001 2108006
003 OSt
005 20240619104728.0
008 961104s1997 nyu b 001 0 eng
010 _a 96037409
020 _a0387949070 (hardcover : alk. paper)
040 _aMUST LIB
_cMUST
_dMUST
050 0 0 _aQA267
_b.K69 1997
082 0 0 _a511.3
_219
_bKOZ
100 1 _aKozen, Dexter,
_d1951-
_917247
245 1 0 _aAutomata and computability /
_cDexter C. Kozen.
260 _aNew York :
_bSpringer,
_cc1997.
300 _axiii, 400 p. ;
_c24 cm.
440 0 _aUndergraduate texts in computer science
_917248
504 _aIncludes bibliographical references (p. [373]-379) and index.
650 0 _aMachine theory.
_915846
650 0 _aComputable functions.
_917249
856 4 2 _3Publisher description
_uhttp://www.loc.gov/catdir/enhancements/fy0815/96037409-d.html
856 4 1 _3Table of contents only
_uhttp://www.loc.gov/catdir/enhancements/fy0815/96037409-t.html
906 _a7
_bcbc
_corignew
_d1
_eocip
_f19
_gy-gencatlg
942 _2ddc
_cO_SHELF
999 _c8492
_d8492